000 00810nam a2200265 a 4500
001 51963494
003 OCoLC
005 20150408114143.0
008 030206s2004 caua 001 0 eng c
010 _a2003109925
020 _a9788131515754
040 _aMa-Un
050 4 _aQA76.73.C153
_bF685 2004
082 0 4 _a005.133
_221
100 1 _aForouzan, Behrouz A.
_94862
245 1 0 _aComputer science :
_ba structured approach using C++ /
_cBehrouz A. Forouzan, Richard F. Gilberg.
250 _a2nd ed.
260 _aBelmont, CA :
_bThomson Brooks/Cole,
_cc2011.
300 _axxx, 856 p. :
_bcol. ill. ;
_c25 cm.
500 _aIncludes index.
650 0 _aC++ (Computer program language)
650 0 _aStructured programming.
_938147
700 1 _aGilberg, Richard F.
_938148
942 _2ddc
_cBOOK
999 _c31375
_d265875